000 00525nam a22002177a 4500
999 _c10230
_d10230
001 10230
003 OSt
005 20180421175841.0
008 180421b1963 bg ||||| |||| 00| 0 ben d
035 _a(BD-JhCC)10230
040 _aBD-JhCC
_dBD-JhCC
041 _aeng
082 _a511
_bCHO 1963
100 _aChowdhury, Nazir Ahmed
245 _aPak School Arithmetic /
_cNazir Ahmed Chowdhury
260 _aDHAKA :
_c1963.
300 _a100 p. :
_c18 cm.
650 _aArithmetic
942 _2ddc
_cBK